Sobre la postura de Guatemala en el CAFTA

में बचाया:
ग्रंथसूची विवरण
स्वरूप: मूलपाठ
टैग: टैग जोड़ें
कोई टैग नहीं, इस रिकॉर्ड को टैग करने वाले पहले व्यक्ति बनें!

MARC

LEADER 00000 a a2200000 04500
001 6671
003
040
245 |a Sobre la postura de Guatemala en el CAFTA  
773 |g volumen 24, número 1054; páginas 13-14  
999 |c 26858  |d 26858